000 00841nmm a2200301 a 4500
003 AR-BaBNM
005 20251128210049.0
008 079019s1996 ||||||||||||||000 | spa||
020 _a950-581-802-5
040 _cAR-BaBNM
100 1 _aArgumedo, Alcira
245 1 0 _aLos silencios y las voces en América Latina
_bnotas sobre el pensamiento nacional y popular
250 _a1ª ed.
260 _aBuenos Aires
_bEdiciones del pensamiento nacional
_c1996
300 0 _a334 p.
500 0 _aContiene notas bibliográficas al pie de página
650 4 _aTEORIA DEL ESTADO
650 4 _aSOCIOLOGIA
650 4 _aTEORIA POLITICA
650 4 _aCULTURAS POPULARES
650 4 _aSOCIEDAD
650 4 _aESTADO
650 4 _aDEMOCRACIA
651 4 _aAmérica Latina
653 0 _aMODERNIDAD
942 _cBK
998 _cRaquel
999 _c13865
_d13865